[Event "Anapa Blitz op"]
[Site "Anapa"]
[Date "2023.10.06"]
[Round "2"]
[White "Lysenko, Margarita"]
[Black "Petrov, Alexander T"]
[Result "1-0"]
[WhiteElo "2264"]
[BlackElo "1554"]
[PlyCount "63"]
[EventDate "2023.10.06"]
[EventType "swiss (blitz)"]
[EventRounds "13"]
[EventCountry "RUS"]
[SourceTitle "CBM 216 Extra"]
[Source "ChessBase"]
[SourceDate "2023.11.30"]
[SourceVersion "1"]
[SourceVersionDate "2023.11.30"]
[SourceQuality "1"]

1. d4 d5 2. c4 e6 3. Nf3 Nf6 4. g3 dxc4 5. Bg2 Nc6 6. 0-0 Rb8 7. a4 b6 8. Na3 Na5 9. Bf4 Bxa3 10. Rxa3 Nd5 11. Bg5 f6 12. Bd2 Nb3 13. e4 Ne7 14. Bc3 0-0 15. Re1 c5 16. Bf1 cxd4 17. Bxc4 dxc3 18. Qxb3 cxb2 19. Qxb2 Qd6 20. Rd3 Qc6 21. Bb5 Qc5 22. Rc1 Qh5 23. Rc7 Ng6 24. Qc3 Bb7 25. Rdd7 Bxe4 26. Rxg7+ Kh8 27. Rxh7+ Qxh7 28. Rxh7+ Kg8 29. Qe3 Bd5 30. h4 Ne7 31. Nd4 e5 32. Qd3 1-0